[Event "BL06/07 SK König Tegel - TSV Bindlach"]
[Site "?"]
[Date "2006.11.18"]
[Round "?"]
[White "Muse, D."]
[Black "Prusikin, M."]
[Result "1/2-1/2"]
[WhiteElo "2414"]
[BlackElo "2563"]
[PlyCount "39"]
[EventDate "2006.??.??"]

1. d4 Nf6 2. Nf3 d5 3. c4 e6 4. Qc2 c5 5. dxc5 Na6 6. cxd5 exd5 7. e3 Nxc5 8.
Bb5+ Bd7 9. Bxd7+ Qxd7 10. O-O Rc8 11. b3 Bd6 12. Bb2 Na4 13. Qe2 Nxb2 14. Qxb2
Qe7 15. a3 O-O 16. Nbd2 Ne4 17. b4 Rc7 18. Nd4 Rfc8 19. N2f3 g6 20. Rfd1
1/2-1/2

[Event "BL 0607 SK König Tegel - TSV Bindlach"]
[Site "?"]
[Date "2006.11.18"]
[Round "?"]
[White "Bischoff, K."]
[Black "Tomczak, R."]
[Result "1-0"]
[WhiteElo "2560"]
[BlackElo "2316"]
[PlyCount "87"]
[EventDate "2006.??.??"]

1. d4 Nf6 2. c4 e6 3. Nc3 d5 4. Bg5 Be7 5. e3 b6 6. Rc1 O-O 7. cxd5 Nxd5 8.
Nxd5 exd5 9. Bxe7 Qxe7 10. Bd3 Ba6 11. Ne2 Qb4+ 12. Qd2 Qxd2+ 13. Kxd2 Bxd3 14.
Kxd3 Na6 15. Nf4 Rfd8 16. Ke2 c5 17. dxc5 bxc5 18. Rhd1 Rab8 19. b3 d4 20. exd4
cxd4 21. Nd3 Rb6 22. Rc4 Kf8 23. Rdc1 Ke7 24. Kd2 f6 25. Ra4 Rbd6 26. Ra5 R8d7
27. b4 Rb7 28. a3 Nb8 29. Rac5 Ra6 30. Rc7+ Rxc7 31. Rxc7+ Kd6 32. Rb7 Nc6 33.
b5 Rxa3 34. bxc6 Kxc6 35. Rxg7 Ra2+ 36. Kc1 a5 37. Rxh7 Kd5 38. Rc7 Ke4 39. Rc2
Ra1+ 40. Kd2 a4 41. Nc1 Rb1 42. Ra2 a3 43. Rxa3 Rb2+ 44. Ke1 1-0

[Event "BL06/07 SK König Tegel - TSV Bindlach"]
[Site "?"]
[Date "2006.11.18"]
[Round "?"]
[White "von Herman, U."]
[Black "Stohl, I."]
[Result "1/2-1/2"]
[WhiteElo "2332"]
[BlackElo "2538"]
[PlyCount "44"]
[EventDate "2006.??.??"]

1. d4 Nf6 2. c4 e6 3. Nf3 b6 4. Nc3 Bb7 5. Bg5 h6 6. Bh4 g5 7. Bg3 Nh5 8. e3
Nxg3 9. hxg3 Bg7 10. Qc2 Qe7 11. O-O-O Nc6 12. a3 O-O-O 13. Be2 Kb8 14. g4 d5
15. cxd5 exd5 16. Bd3 h5 17. Bf5 h4 18. Kb1 Rhe8 19. Ne2 Na5 20. g3 hxg3 21.
Nxg3 Nc4 22. Bd3 Nd6 1/2-1/2

[Event "BL06/07 SK König Tegel - TSV Bindlach"]
[Site "?"]
[Date "2006.11.18"]
[Round "?"]
[White "Pachow, J."]
[Black "Markos, J."]
[Result "1/2-1/2"]
[WhiteElo "2298"]
[BlackElo "2493"]
[PlyCount "65"]
[EventDate "2006.??.??"]

1. e4 c5 2. Nf3 Nc6 3. Bb5 Qc7 4. Nc3 Nf6 5. O-O Nd4 6. Bc4 d6 7. Ng5 e6 8. f4
h6 9. Nf3 Bd7 10. a4 Nxe4 11. Nxe4 d5 12. Bxd5 exd5 13. Nc3 O-O-O 14. Nxd5 Qd6
15. c4 Bg4 16. a5 Nxf3+ 17. Rxf3 a6 18. d3 Qe6 19. Be3 Rxd5 20. cxd5 Qxd5 21.
Rc1 Be7 22. h3 Bxf3 23. Qxf3 Qxf3 24. gxf3 Kb8 25. d4 cxd4 26. Bxd4 Rd8 27. Bb6
Rd7 28. Re1 f5 29. h4 h5 30. Kf1 Kc8 31. Rc1+ Kb8 32. Re1 Kc8 33. Rc1+ 1/2-1/2

[Event "BL 06/07 SC Kreuzberg - SF Berlin"]
[Site "?"]
[Date "2006.11.18"]
[Round "?"]
[White "Nataf, I."]
[Black "Sargissian, G."]
[Result "1/2-1/2"]
[WhiteElo "2470"]
[BlackElo "2592"]
[PlyCount "82"]
[EventDate "2006.??.??"]

1. e4 e5 2. Nf3 Nc6 3. d4 exd4 4. Nxd4 Bc5 5. Nxc6 Qf6 6. Qf3 Qxf3 7. gxf3 bxc6
8. Nd2 Ne7 9. Nb3 Bb6 10. a4 a5 11. Bd2 d6 12. Bc3 O-O 13. Rg1 f6 14. h4 Kh8
15. h5 h6 16. Rg2 Be6 17. Be2 c5 18. O-O-O d5 19. exd5 Nxd5 20. Bd2 Rad8 21.
Rdg1 Rf7 22. Bc4 Nf4 23. Bxe6 Nxe6 24. Rg4 Nd4 25. Nxd4 cxd4 26. Re4 Rd5 27.
Rh1 Rfd7 28. Re8+ Kh7 29. f4 Rd8 30. Re7 R5d7 31. Rxd7 Rxd7 32. Kd1 Re7 33. Rh3
f5 34. Rg3 Re6 35. c3 dxc3 36. Bxc3 g6 37. hxg6+ Rxg6 38. Ke2 Rg4 39. Kf3 Rg6
40. Rh3 Re6 41. Rg3 Rg6 1/2-1/2

[Event "BL 06/07 SC Kreuzberg - SF Berlin"]
[Site "?"]
[Date "2006.11.18"]
[Round "?"]
[White "Socko, B."]
[Black "Miroshnenko, E."]
[Result "1/2-1/2"]
[WhiteElo "2610"]
[BlackElo "2616"]
[PlyCount "91"]
[EventDate "2006.??.??"]

1. d4 Nf6 2. c4 e6 3. Nf3 b6 4. g3 Ba6 5. Nbd2 Bb4 6. Qc2 c5 7. Bg2 Nc6 8. dxc5
Bxc5 9. a3 Bb7 10. b4 Nd4 11. Qd3 Nxf3+ 12. Bxf3 Bxf3 13. Nxf3 Be7 14. Bb2 O-O
15. O-O Qc7 16. Rac1 Rfd8 17. Rfd1 Ne8 18. e4 a6 19. Nd4 Qb7 20. f3 Rac8 21.
Kg2 Rc7 22. Nb3 h6 23. Bd4 Rdc8 24. c5 bxc5 25. Bxc5 d6 26. Be3 Nf6 27. Na5 Qa8
28. Rxc7 Rxc7 29. Rc1 Rxc1 30. Bxc1 d5 31. exd5 Nxd5 32. Qc4 Bf6 33. Qc6 Qa7
34. Nb3 Be7 35. Qe8+ Bf8 36. Nc5 Qc7 37. Bb2 a5 38. Bd4 axb4 39. axb4 Nf6 40.
Bxf6 gxf6 41. Kh3 Kg7 42. Qb5 f5 43. Qc4 Kg8 44. Qd4 Qc6 45. Kg2 Qb6 46. Qc4
1/2-1/2

[Event "BL 06/07 SC Kreuzberg - SF Berlin"]
[Site "?"]
[Date "2006.11.18"]
[Round "?"]
[White "Polzin, R."]
[Black "Luther, T."]
[Result "1/2-1/2"]
[WhiteElo "2480"]
[BlackElo "2569"]
[PlyCount "65"]
[EventDate "2006.??.??"]

1. e4 e6 2. d4 d5 3. Nc3 Bb4 4. e5 c5 5. a3 Bxc3+ 6. bxc3 Nc6 7. Qg4 g6 8. Nf3
Qa5 9. Bd2 Qa4 10. Ra2 Bd7 11. Qf4 c4 12. Ng5 Nd8 13. Be2 h6 14. Qh4 Nc6 15.
O-O Qa5 16. a4 Nxd4 17. Qxd4 hxg5 18. Rb1 Qc7 19. Bxg5 f6 20. Bf4 f5 21. Bg5
Bc6 22. h4 Rh7 23. a5 a6 24. f4 Ne7 25. Kf2 O-O-O 26. Rb6 Kb8 27. Rab2 Ka8 28.
Qc5 Re8 29. Bf3 Nc8 30. R6b4 Na7 31. Rb6 Nc8 32. R6b4 Na7 33. Rb6 1/2-1/2

[Event "BL 06/07 SC Kreuzberg - SF Berlin"]
[Site "?"]
[Date "2006.11.18"]
[Round "?"]
[White "Kalinitschew, S."]
[Black "Thiede, L."]
[Result "1-0"]
[WhiteElo "2503"]
[BlackElo "2460"]
[PlyCount "95"]
[EventDate "2006.??.??"]

1. e4 g6 2. d4 Bg7 3. Nc3 d6 4. f4 a6 5. Nf3 Nd7 6. Bc4 e6 7. f5 Nb6 8. Bd3
exf5 9. exf5 Ne7 10. fxg6 hxg6 11. Bg5 f6 12. Bd2 Bf5 13. Ne4 Qd7 14. Qe2 O-O-O
15. O-O g5 16. Ng3 Bxd3 17. Qxd3 d5 18. Bb4 Nc6 19. Bc5 Na4 20. Ba3 Bf8 21.
Bxf8 Rdxf8 22. b3 Nb6 23. Rf2 Rf7 24. Nd2 Ne7 25. Nf5 Rfh7 26. Nxe7+ Qxe7 27.
Nf1 Rh6 28. Re2 Qd6 29. g3 Kb8 30. Rae1 Nc8 31. Qf3 Qc6 32. c4 f5 33. c5 f4 34.
Re5 Na7 35. R1e2 Qf6 36. Re8+ Nc8 37. Qxd5 fxg3 38. Nxg3 Rxh2 39. Rxc8+ Rxc8
40. Rxh2 Qf4 41. Qe5 Qc1+ 42. Nf1 Rf8 43. Rf2 Rc8 44. Qe3 Qd1 45. Rd2 Qh5 46.
d5 Re8 47. Ng3 Qg6 48. Qf2 1-0

[Event "BL 06/07 SC Kreuzberg - SF Berlin"]
[Site "?"]
[Date "2006.11.18"]
[Round "?"]
[White "Berndt, S."]
[Black "Tischbierek, R."]
[Result "1/2-1/2"]
[WhiteElo "2445"]
[BlackElo "2439"]
[PlyCount "35"]
[EventDate "2006.??.??"]

1. e4 c5 2. Nf3 d6 3. d4 cxd4 4. Nxd4 Nf6 5. Nc3 e6 6. Bc4 Be7 7. O-O O-O 8.
Bb3 Na6 9. f4 Nc5 10. Qf3 a5 11. Be3 a4 12. Bc4 a3 13. b3 Nfxe4 14. Nxe4 Nxe4
15. Qxe4 d5 16. Bxd5 Qxd5 17. Qxd5 exd5 18. Rad1 1/2-1/2

[Event "BL 06/07 SC Kreuzberg - SF Berlin"]
[Site "?"]
[Date "2006.11.18"]
[Round "?"]
[White "Loeffler, S."]
[Black "Borriss, M."]
[Result "1-0"]
[WhiteElo "2440"]
[BlackElo "2455"]
[PlyCount "43"]
[EventDate "2006.??.??"]

1. d4 Nf6 2. c4 g6 3. Nc3 Bg7 4. e4 d6 5. Be2 O-O 6. Nf3 e5 7. O-O Nc6 8. Be3
Ng4 9. Bg5 f6 10. Bc1 Kh8 11. d5 Ne7 12. Ng5 Nh6 13. Ne6 Bxe6 14. dxe6 Nhg8 15.
f4 Nc6 16. f5 Bh6 17. Bxh6 Nxh6 18. Nd5 Ng8 19. fxg6 hxg6 20. Bh5 Nce7 21. Rf3
gxh5 22. Rg3 1-0

[Event "BL 06/07 SC Kreuzberg - SF Berlin"]
[Site "?"]
[Date "2006.11.18"]
[Round "?"]
[White "Kraemer, M."]
[Black "Paehtz, E."]
[Result "1/2-1/2"]
[WhiteElo "2395"]
[BlackElo "2422"]
[PlyCount "44"]
[EventDate "2006.??.??"]

1. e4 c5 2. Nf3 Nf6 3. e5 Nd5 4. Nc3 e6 5. Nxd5 exd5 6. d4 Nc6 7. dxc5 Bxc5 8.
Be2 d6 9. exd6 Qxd6 10. O-O O-O 11. Bg5 Bf5 12. Qd2 Rfe8 13. c3 h6 14. Bh4 d4
15. Rad1 dxc3 16. Qxc3 Qf8 17. Bc4 Rac8 18. Bxf7+ Qxf7 19. Qxc5 Bg4 20. Qd5 Be6
21. Qd6 Bxa2 22. Rfe1 Bb3 1/2-1/2

[Event "BL 06/07 SC Kreuzberg - SF Berlin"]
[Site "?"]
[Date "2006.11.18"]
[Round "?"]
[White "Richter, M."]
[Black "Thinius, M."]
[Result "1-0"]
[WhiteElo "2389"]
[BlackElo "2369"]
[PlyCount "77"]
[EventDate "2006.??.??"]

1. d4 b6 2. Nf3 Bb7 3. c4 e6 4. e3 Nf6 5. Bd3 d5 6. Nbd2 Be7 7. O-O O-O 8. Qe2
Ne4 9. b3 Nd7 10. Bb2 Bd6 11. Rac1 a6 12. cxd5 exd5 13. Ne5 Re8 14. Bxe4 dxe4
15. Ndc4 Nf6 16. Rfd1 Nd5 17. Nxd6 cxd6 18. Nc6 Qg5 19. Rc2 Rec8 20. Rdc1 h6
21. Ba3 Kh7 22. h3 a5 23. Qg4 Qxg4 24. hxg4 Nf6 25. Ne7 Rxc2 26. Rxc2 a4 27.
bxa4 Rxa4 28. Bxd6 Nxg4 29. a3 Ba6 30. Nd5 Bd3 31. Rc7 b5 32. f3 exf3 33. gxf3
Nf6 34. Nxf6+ gxf6 35. Bb4 Kg6 36. d5 Ra8 37. d6 Bc4 38. d7 Be6 39. Be7 1-0

[Event "BL 0607 Hamburger SK - SF Katernberg"]
[Site "?"]
[Date "2006.11.18"]
[Round "3.1"]
[White "Volokitin, Andrei"]
[Black "Wojtaszek, Radoslav"]
[Result "0-1"]
[WhiteElo "2645"]
[BlackElo "2630"]
[PlyCount "77"]
[EventDate "2006.??.??"]

1. e4 c5 2. Nf3 d6 3. d4 cxd4 4. Nxd4 Nf6 5. Nc3 a6 6. Be2 e5 7. Nb3 Be7 8. O-O
O-O 9. a4 Be6 10. f4 exf4 11. Bxf4 Nc6 12. Nd4 Qb6 13. Be3 Nxd4 14. Bxd4 Qc7
15. a5 Nd7 16. Nd5 Bxd5 17. exd5 Bf6 18. c4 Rfe8 19. Bxf6 Nxf6 20. b4 b6 21.
Bd3 bxa5 22. Rxf6 gxf6 23. Qh5 Qb6+ 24. c5 Qxb4 25. Qxh7+ Kf8 26. Rf1 Qxc5+ 27.
Kh1 Qc3 28. h3 Rac8 29. Qh6+ Ke7 30. Bxa6 Rc5 31. Bb7 Rg8 32. Bc6 Rc4 33. Bb5
Rcc8 34. Bd3 Rg3 35. Bf5 Rc7 36. Rf4 Re3 37. Kh2 Qe5 38. Bg4 Re4 39. g3 0-1

[Event "BL 0607 Hamburger SK - SF Katernberg"]
[Site "?"]
[Date "2006.11.18"]
[Round "3.2"]
[White "Gustafsson, Jan"]
[Black "Erenburg, Sergey"]
[Result "1/2-1/2"]
[WhiteElo "2584"]
[BlackElo "2582"]
[PlyCount "71"]
[EventDate "2006.??.??"]

1. d4 d5 2. c4 c6 3. Nf3 Nf6 4. e3 a6 5. Bd2 Ne4 6. Nc3 Nxd2 7. Qxd2 Bf5 8. Ne5
Nd7 9. Nxd7 Qxd7 10. Na4 Qd8 11. cxd5 cxd5 12. Nc5 e6 13. Rc1 Ra7 14. Be2 Be7 {
=} 15. O-O O-O 16. Bd3 Bxd3 17. Qxd3 b5 18. b4 a5 19. a3 Qb6 20. Qc3 Rfa8 21.
Ra1 g6 22. g3 h5 23. Rfb1 axb4 24. axb4 Ra2 25. Rxa2 Rxa2 26. Qd3 Kg7 27. Qf1
h4 28. Ra1 Qa7 29. Rxa2 Qxa2 30. Qxb5 Qb1+ 31. Kg2 Bxc5 32. dxc5 Qe4+ 33. Kg1
h3 34. Qf1 Qxb4 35. c6 Qc3 36. Qxh3 1/2-1/2

[Event "BL 0607 Hamburger SK - SF Katernberg"]
[Site "?"]
[Date "2006.11.18"]
[Round "3.3"]
[White "L'Ami, Erwin"]
[Black "Ftacnik, Lubomir"]
[Result "1/2-1/2"]
[WhiteElo "2584"]
[BlackElo "2580"]
[PlyCount "109"]
[EventDate "2006.??.??"]

1. e4 c5 2. Nf3 d6 3. d4 cxd4 4. Nxd4 Nf6 5. Nc3 a6 6. g3 e5 7. Nb3 Nbd7 8. a4
Be7 9. a5 O-O 10. Bg2 Qc7 11. O-O b5 12. axb6 Nxb6 13. Na5 Bg4 14. Qd3 Rfc8 15.
Bd2 h6 16. Rfc1 Nbd7 17. Nd5 Nxd5 18. exd5 f5 19. Nc6 Bf6 20. Ba5 Qb7 21. Qa3
Nc5 22. Bb4 e4 23. Bxc5 dxc5 24. Qxc5 Re8 25. c3 Bg5 26. Rc2 f4 27. Re1 f3 28.
Bf1 Qd7 29. Qd4 Bf5 30. h4 Bf6 31. Qe3 Bh3 32. Kh2 Bxf1 33. Rxf1 Qxd5 34. Nd4
Qh5 35. Qf4 Be5 36. Qf5 Qxh4+ 37. Qh3 Qf6 38. Nf5 Rad8 39. Ne3 Bb8 40. c4 h5
41. Kg1 g6 42. c5 Qc6 43. b4 Rd3 44. Rd1 Red8 45. Rcc1 Be5 46. Qh4 Rxd1+ 47.
Rxd1 Rxd1+ 48. Nxd1 Qd5 49. Ne3 Qd2 50. Qg5 Bd4 51. Qxg6+ Kf8 52. Qf5+ Kg8 53.
Qe6+ Kf8 54. Qd6+ Kg8 55. Qe6+ 1/2-1/2

[Event "BL 0607 Hamburger SK - SF Katernberg"]
[Site "?"]
[Date "2006.11.18"]
[Round "3.4"]
[White "Kempinski, Robert"]
[Black "Chuchelov, Vladimir"]
[Result "1/2-1/2"]
[WhiteElo "2590"]
[BlackElo "2539"]
[PlyCount "136"]
[EventDate "2006.??.??"]

1. d4 Nf6 2. c4 e6 3. Nc3 Bb4 4. Qc2 O-O 5. a3 Bxc3+ 6. Qxc3 b6 7. Nf3 Bb7 8.
e3 d5 9. b3 c5 10. Be2 cxd4 11. exd4 Nc6 12. O-O dxc4 13. bxc4 Rc8 14. a4 Na5
15. Ba3 Re8 16. Nd2 Ne4 17. Nxe4 Bxe4 18. c5 Qd5 19. f3 Bg6 20. Rfd1 Red8 21.
Bb2 h6 22. Kf2 Rc7 23. Rac1 Qb3 24. Qxb3 Nxb3 25. Rc3 bxc5 26. Rxb3 Bc2 27.
Rbd3 Rb7 28. Bc3 Bxd1 29. Rxd1 Rb3 30. Ba1 Ra3 31. Bb5 a6 32. Bxa6 Rxa4 33. Bb5
Ra2+ 34. Be2 cxd4 35. Bxd4 e5 36. Ra1 Rxe2+ 37. Kxe2 Rxd4 38. Ra5 f6 39. Ra8+
Kf7 40. Ra7+ Kg6 41. g3 Rb4 42. h4 Rb2+ 43. Kf1 h5 44. Re7 Kh6 45. Rc7 Kg6 46.
Re7 Rb8 47. Kf2 Rg8 48. g4 Ra8 49. Kg3 Ra3 50. Kg2 Ra2+ 51. Kg3 Re2 52. Kh3 Kh7
53. Kg3 Kg6 54. Kh3 Re3 55. Kg2 Kh7 56. Kf2 Ra3 57. Kg2 Kh6 58. Re8 Kh7 59.
gxh5 Ra2+ 60. Kg3 Re2 61. Rf8 Re1 62. Kf2 Rh1 63. Kg3 Ra1 64. Re8 Ra2 65. Rf8
Re2 66. Kh3 Rf2 67. Kg3 Re2 68. Kh3 Rf2 1/2-1/2

[Event "BL 0607 Hamburger SK - SF Katernberg"]
[Site "?"]
[Date "2006.11.18"]
[Round "3.5"]
[White "Glek, Igor V"]
[Black "Hansen, Sune Berg"]
[Result "1/2-1/2"]
[WhiteElo "2538"]
[BlackElo "2561"]
[PlyCount "67"]
[EventDate "2006.??.??"]

1. e4 e5 2. Nf3 Nc6 3. Nc3 Nf6 4. g3 d5 5. exd5 Nxd5 6. Bg2 Nxc3 7. bxc3 Bd6 8.
O-O O-O 9. Rb1 Rb8 10. d4 Bf5 11. Nh4 Bd7 12. f4 exd4 13. cxd4 Be7 14. d5 Na5
15. Nf3 Bg4 16. Qd3 Bxf3 17. Bxf3 b6 18. Be4 h6 19. g4 Nb7 20. g5 Nc5 21. Bh7+
Kh8 22. Qf5 Na4 23. c4 g6 24. Bxg6 fxg6 25. Qxg6 Bc5+ 26. Kh1 Qd6 27. Qc2 b5
28. Rb3 bxc4 29. Rbf3 Qxd5 30. Qxa4 hxg5 31. Qc2 g4 32. Qg6 gxf3 33. Qh6+ Kg8
34. Qg6+ 1/2-1/2

[Event "BL 0607 Hamburger SK - SF Katernberg"]
[Site "?"]
[Date "2006.11.18"]
[Round "3.7"]
[White "Siebrecht, Sebastian"]
[Black "Heinemann, Thies"]
[Result "0-1"]
[WhiteElo "2463"]
[BlackElo "2453"]
[PlyCount "116"]
[EventDate "2006.??.??"]

1. d4 Nf6 2. Nf3 e6 3. e3 b6 4. Bd3 Bb7 5. Nbd2 c5 6. O-O Be7 7. b3 cxd4 8.
exd4 O-O 9. Bb2 d6 10. Qe2 Re8 11. Rae1 Nbd7 12. Ng5 Bf8 13. f4 a6 14. Qf2 g6
15. Qh4 Bg7 16. Nde4 Nf8 17. Nxf6+ Qxf6 18. Qg3 b5 19. h4 h6 20. Ne4 Bxe4 21.
Rxe4 h5 22. Qh3 Qd8 23. Rfe1 Qb6 24. f5 gxf5 25. R4e3 Bxd4 26. Bxd4 Qxd4 27. c3
Qa7 28. Kh1 f4 29. Rf3 f5 30. Rxf4 Ng6 31. Rd4 Ne5 32. Qg3+ Qg7 33. Qxg7+ Kxg7
34. Rxd6 Kf6 35. Be2 Red8 36. Rb6 Rdb8 37. Rd6 Rd8 38. Rb6 Rd2 39. c4 Rxa2 40.
Bf3 Re8 41. cxb5 axb5 42. Rxb5 Nxf3 43. gxf3 Rf2 44. Re3 f4 45. Ree5 Ra8 46.
Re1 Rxf3 47. Rxh5 Rg8 48. Rh6+ Kf5 49. Rh5+ Kg4 50. Rh7 Kh3 51. Rh5 Rgg3 52.
Rhe5 Rf2 53. R5e2 Rxe2 54. Rxe2 Rxb3 55. Kg1 Kg3 56. Re1 Rb2 57. Kf1 f3 58.
Rxe6 Rb1+ 0-1

[Event "BL 0607 Hamburger SK - SF Katernberg"]
[Site "?"]
[Date "2006.11.18"]
[Round "3.8"]
[White "Breutigam, Martin"]
[Black "Souleidis, Georgios"]
[Result "0-1"]
[WhiteElo "2387"]
[BlackElo "2407"]
[PlyCount "106"]
[EventDate "2006.??.??"]

1. d4 Nf6 2. c4 g6 3. Nc3 Bg7 4. e4 d6 5. Nf3 O-O 6. h3 Qe8 7. Bg5 e5 8. d5 Nh5
9. c5 dxc5 10. d6 c6 11. Be7 Bf6 12. Bxf8 Qxf8 13. Qd2 Nf4 14. Na4 Nd7 15. b4
cxb4 16. Qxb4 b5 17. Nb2 a5 18. Qd2 Nc5 19. Qe3 Qxd6 20. Rd1 Qe7 21. Rc1 Nfe6
22. Be2 a4 23. O-O Bd7 24. Rc2 Nd4 25. Rd2 Nce6 26. Nd3 Nxf3+ 27. Qxf3 Bg5 28.
Rfd1 Nd4 29. Qg3 Bxd2 30. Rxd2 Re8 31. Bf1 c5 32. a3 Bc6 33. f3 Bb7 34. Rb2 Ba6
35. Qe1 Nb3 36. Qc3 c4 37. Nb4 Qc5+ 38. Kh2 Bb7 39. Qe1 Rd8 40. Rb1 Kg7 41. Rd1
Rxd1 42. Qxd1 Nd4 43. Qe1 Qd6 44. Qe3 Qf6 45. Kg1 Qf4 46. Qe1 h5 47. h4 Qf6 48.
Qf2 Qd6 49. Kh1 Bc8 50. Qe1 Be6 51. Qe3 Nb3 52. Kg1 Qd4 53. Kf2 Qb2+ 0-1

[Event "BL 0607 Werder Bremen - SV Mülheim Nord"]
[Site "?"]
[Date "2006.11.18"]
[Round "3.2"]
[White "Hracek, Zbynek"]
[Black "Fridman, Daniel"]
[Result "1/2-1/2"]
[WhiteElo "2614"]
[BlackElo "2604"]
[PlyCount "64"]
[EventDate "2006.??.??"]

1. d4 d5 2. c4 c6 3. Nf3 Nf6 4. Nc3 dxc4 5. a4 Bf5 6. e3 e6 7. Bxc4 Bb4 8. O-O
O-O 9. Qe2 Bg6 10. Ne5 Nbd7 11. Nxg6 hxg6 12. Bd2 c5 13. Rfd1 cxd4 14. exd4 Rc8
15. d5 exd5 16. Nxd5 Re8 17. Nxf6+ Qxf6 18. Be3 Ne5 19. Bd5 b6 20. Rac1 Bc5 21.
Rc3 Nc6 22. Qg4 Ne7 23. Bc4 {=} Nf5 24. Bxc5 Rxc5 25. g3 Nd6 26. Bd5 Rxc3 27.
bxc3 Qxc3 28. Qd7 Re1+ 29. Kg2 Rxd1 30. Qd8+ Kh7 31. Qh4+ Kg8 32. Qd8+ Kh7
1/2-1/2

[Event "BL 0607 Werder Bremen - SV Mülheim Nord"]
[Site "?"]
[Date "2006.11.18"]
[Round "3.3"]
[White "Levin, Felix"]
[Black "Pelletier, Yannick"]
[Result "1/2-1/2"]
[WhiteElo "2513"]
[BlackElo "2588"]
[PlyCount "25"]
[EventDate "2006.??.??"]

1. d4 Nf6 2. c4 e6 3. Nf3 b6 4. g3 Bb4+ 5. Bd2 Bxd2+ 6. Qxd2 Ba6 7. b3 O-O 8.
Bg2 d5 9. Nc3 c6 10. Ne5 Nfd7 11. Nxd7 Nxd7 12. cxd5 cxd5 13. O-O 1/2-1/2

[Event "BL 0607 Werder Bremen - SV Mülheim Nord"]
[Site "?"]
[Date "2006.11.18"]
[Round "3.4"]
[White "Babula, Vlastimil"]
[Black "Saltaev, Mihail"]
[Result "1-0"]
[WhiteElo "2584"]
[BlackElo "2512"]
[PlyCount "123"]
[EventDate "2006.??.??"]

1. d4 d5 2. c4 c6 3. Nf3 Nf6 4. Nc3 a6 5. c5 Nbd7 6. Bf4 Nh5 7. Bd2 Nhf6 8. Qc2
g6 9. Bg5 Bg7 10. e3 O-O 11. Be2 Re8 12. O-O e5 13. b4 exd4 14. Nxd4 Nf8 15.
Rad1 Ne6 16. Nxe6 fxe6 17. e4 Qc7 18. Be3 Bd7 19. f4 dxe4 20. Bd4 Nd5 21. Bxg7
Kxg7 22. Nxe4 Rf8 23. Qb2+ Kg8 24. Bc4 Qd8 25. g3 Qe7 26. Rfe1 Qg7 27. Qd2 Kh8
28. Nd6 Rab8 29. Re5 Rf6 30. Rde1 h6 31. Bf1 Ne7 32. Bh3 Rff8 33. Bg2 Nd5 34.
h4 b6 35. Kh2 bxc5 36. bxc5 Nf6 37. Bh3 Nd5 38. Bg2 Nf6 39. Bf3 Nd5 40. Kg2 Rf6
41. Be4 Rff8 42. Bd3 Nf6 43. Be2 Kh7 44. Qc2 Kh8 45. Rb1 Nd5 46. Rb3 a5 47.
Rxb8 Rxb8 48. Kh2 Qf6 49. Qd2 a4 50. Bc4 a3 51. Bb3 Kh7 52. Nc4 Qf8 53. Nxa3
Qxc5 54. Nc4 Rb4 55. Qe2 Qd4 56. h5 gxh5 57. Rxh5 Nf6 58. Rh4 Kg7 59. f5 Qc5
60. Qd2 h5 61. Qg5+ Kh7 62. Qg6+ 1-0

[Event "BL 0607 Werder Bremen - SV Mülheim Nord"]
[Site "?"]
[Date "2006.11.18"]
[Round "3.5"]
[White "Hausrath, Daniel"]
[Black "Nyback, Tomi"]
[Result "1-0"]
[WhiteElo "2529"]
[BlackElo "2575"]
[PlyCount "80"]
[EventDate "2006.??.??"]

1. Nf3 Nf6 2. g3 d5 3. Bg2 c6 4. c4 dxc4 5. O-O Be6 6. Na3 Qd5 7. d3 cxd3 8.
Ng5 Qd7 9. Nxe6 Qxe6 10. Qxd3 Nbd7 11. Nc4 g6 12. Na5 Bg7 13. Nxb7 O-O 14. Na5
Ne5 15. Qb3 Qd6 16. Bf4 Rab8 17. Qc2 Nd5 18. Bxe5 Qxe5 19. Nxc6 Nb4 20. Nxb4
Rxb4 21. b3 Qxa1 22. Rxa1 Bxa1 23. Qc5 Rd4 24. Bf3 Rd7 25. b4 Bd4 26. Qc6 Rfd8
27. a4 Rd6 28. Qc4 Kg7 29. b5 f5 30. a5 e5 31. Bc6 e4 32. e3 Bf6 33. Qc5 Rd1+
34. Kg2 R1d2 35. Qxa7+ Kh6 36. Qc5 Ra2 37. Bd5 Rd2 38. a6 R8xd5 39. Qxd5 Rxd5
40. a7 Rxb5 {ZÜ} 1-0

[Event "BL 0607 Werder Bremen - SV Mülheim Nord"]
[Site "?"]
[Date "2006.11.18"]
[Round "3.6"]
[White "Fish, Gennadij"]
[Black "Schebler, Gerhard"]
[Result "1/2-1/2"]
[WhiteElo "2529"]
[BlackElo "2535"]
[PlyCount "63"]
[EventDate "2006.??.??"]

1. e4 c5 2. Nf3 Nc6 3. Bb5 g6 4. O-O Bg7 5. c3 Nf6 6. Re1 O-O 7. e5 Nd5 8. d4
cxd4 9. cxd4 d6 10. Nc3 Nc7 11. Ba4 Bg4 12. Bxc6 bxc6 13. h3 Bxf3 14. Qxf3 Ne6
15. Be3 dxe5 16. dxe5 Qc7 17. Rac1 Rfc8 18. Nb5 Qa5 19. Nd4 Nxd4 20. Bxd4 Qa4
21. Bc5 Qxa2 22. Bxe7 Qxb2 23. Bf6 Rab8 24. Bxg7 Kxg7 25. Rcd1 Qb7 26. Qf6+ Kg8
27. h4 Re8 28. h5 Qe7 29. Qxc6 Rb6 {=} 30. Qa4 Rb4 31. Qc6 Rb6 32. Qa4 1/2-1/2

[Event "BL 0607 Werder Bremen - SV Mülheim Nord"]
[Site "?"]
[Date "2006.11.18"]
[Round "3.7"]
[White "Kern, Guido"]
[Black "Schandorff, Lars"]
[Result "1/2-1/2"]
[WhiteElo "2352"]
[BlackElo "2534"]
[PlyCount "44"]
[EventDate "2006.??.??"]

1. Nf3 d5 2. d4 Nf6 3. c4 e6 4. g3 Bb4+ 5. Bd2 Be7 6. Bg2 O-O 7. Qb3 Nbd7 8.
O-O c6 9. Bf4 b6 10. Nc3 Bb7 11. Rfd1 Nh5 12. Be3 Nhf6 13. Bf4 Nh5 14. Be3 f5
15. cxd5 exd5 16. Ne5 Kh8 17. f4 Nhf6 18. a4 a5 19. Bh3 g6 20. Rac1 Rc8 21. Bg2
Nb8 22. Rc2 Na6 1/2-1/2

[Event "BL 0607 SV Wattenscheid - TV Tegernsee"]
[Site "?"]
[Date "2006.11.18"]
[Round "3.1"]
[White "Alekseev, Evgeny"]
[Black "Macieja, Bartlomiej"]
[Result "1-0"]
[WhiteElo "2639"]
[BlackElo "2622"]
[PlyCount "129"]
[EventDate "2006.??.??"]

1. e4 e5 2. Bc4 Nf6 3. d3 c6 4. Nf3 Be7 5. Bb3 O-O 6. O-O d6 7. c3 Nbd7 8. Re1
h6 9. Nbd2 Nh7 10. d4 Ng5 11. Nf1 Nxf3+ 12. Qxf3 Bg5 13. Bxg5 hxg5 14. Qh5 Qf6
15. Rad1 Nb6 16. Rd3 Qh6 17. Qxh6 gxh6 18. dxe5 dxe5 19. Rd6 a5 20. a4 Nd7 21.
Rxh6 Nc5 22. Bc2 f6 23. h4 gxh4 24. Rxh4 Be6 25. Re3 Rf7 26. Rg3+ Rg7 27. Rf3
Kf7 28. Ne3 Rd8 29. b4 axb4 30. cxb4 Na6 31. Nf5 Bxf5 32. exf5 Ke7 33. Rc3 Rdg8
34. g3 Rg4 35. Rh7+ R8g7 36. Rxg7+ Rxg7 37. b5 Nb4 38. Be4 Kd6 39. Kg2 Rg8 40.
a5 Nd5 41. Rc1 Nb4 42. Kf3 Rb8 43. Rc4 Nd5 44. a6 Ne7 45. axb7 Rxb7 46. bxc6
Rb3+ 47. Kg4 Kc7 48. Rc1 Nc8 49. Rh1 Nd6 50. Rh7+ Kb6 51. Rd7 Nxe4 52. Rb7+
Kxc6 53. Rxb3 Nxf2+ 54. Kh5 e4 55. g4 Kd5 56. g5 fxg5 57. f6 Ke6 58. Kg6 Ng4
59. Rb6+ Kd5 60. Kxg5 Nxf6 61. Rxf6 e3 62. Kf4 e2 63. Rf5+ Kd4 64. Re5 Kd3 65.
Kf3 1-0

[Event "BL 0607 SV Wattenscheid - TV Tegernsee"]
[Site "?"]
[Date "2006.11.18"]
[Round "3.2"]
[White "Rustemov, Alexander"]
[Black "Khenkin, Igor"]
[Result "1-0"]
[WhiteElo "2552"]
[BlackElo "2620"]
[PlyCount "129"]
[EventDate "2006.??.??"]

1. e4 e5 2. Nf3 Nc6 3. Bb5 Nf6 4. O-O Nxe4 5. d4 Nd6 6. Bxc6 dxc6 7. dxe5 Nf5
8. Qxd8+ Kxd8 9. Nc3 Ne7 10. Ne4 h6 11. h3 Ng6 12. Re1 Bd7 13. Bd2 c5 14. Rad1
Kc8 15. c4 a5 16. Nc3 a4 17. Nd5 Be6 18. Bc3 b6 19. Kh2 Kb7 20. g4 Be7 21. Kg3
Rhd8 22. h4 Bf8 23. a3 c6 24. Ne3 b5 25. h5 Ne7 26. Nd2 Nc8 27. Ne4 Rxd1 28.
Rxd1 b4 29. Be1 Nb6 30. Rc1 Rd8 31. f4 Rd4 32. Nd2 Rd3 33. Kf2 bxa3 34. bxa3
Rxa3 35. f5 Bc8 36. Ne4 Ra2+ 37. Kf3 a3 38. Rc3 Ra1 39. Bf2 a2 40. Ra3 Rc1 41.
Rxa2 Nxc4 42. Nxc4 Rxc4 43. Rd2 Kc7 44. Bg3 Rd4 45. Ra2 Kb7 46. Rc2 Kb6 47. Bf2
Rd5 48. Kf4 Ba6 49. Nc3 Rd4+ 50. Bxd4 cxd4 51. Ne4 c5 52. Rb2+ Kc7 53. Ra2 Kb6
54. g5 c4 55. g6 c3 56. Nxc3 dxc3 57. Rc2 fxg6 58. hxg6 Bb4 59. Ke4 Kc5 60. f6
Bb7+ 61. Kd3 Ba6+ 62. Ke3 Bc8 63. Rxc3+ Bxc3 64. f7 Bd4+ 65. Kd2 1-0